| 000 | 004270000a22001570004500 | ||
|---|---|---|---|
| 090 |
_aAR _b01628 |
||
| 245 | 1 | 0 | _aPaisaje como recurso |
| 650 | 1 | 4 |
_aPaisajes _95483 |
| 650 | 1 | 4 |
_aEcología del paisaje _992227 |
| 650 | 1 | 4 |
_aComponentes del paisaje _995025 |
| 650 | 1 | 4 |
_aPercepción del paisaje _994753 |
| 041 | 0 | _aEspañol | |
| 100 | 1 |
_aRey Benayas, José María _994257 |
|
| 942 | _cARTICULO | ||
| 773 | 1 |
_tPreprint _33 _q1-9 _d1996? |
|
| 999 |
_c10708 _d10708 |
||